000 01075nam a2200289Ia 4500
003 OSt
005 20220930092821.0
006 a|||||r|||| 00| 0
007 ta
008 220926b |||||||| |||| 00| 0 eng d
024 _a25011
037 _cTheses
040 _aCRL
_cCRL
_beng
041 _2eng
_aeng
100 _aSharma Divya Jyoti
_9549410
110 _aUniversity OF Delhi. Faculty OF Medical Sciences. Department OF Neurosurgery
245 0 _aEvaluation of the role stereotactic biopsy in diagnosis of neoplastic and non - neoplastic intracranial lesions
260 _c2014
650 _aNEUROSCIENCES
_928635
700 _a Dr. A. K. Srivastava Gu.
700 _a Dr. Pragati Ganjoo Gu.
_9549411
700 _a Dr. Saniv Sinha Gu.
_9549750
700 _a Dr. Vineeta V. Batra Gu.
_9542275
700 _aUniversity OF Delhi. Faculty OF Medical Sciences. Department OF Neurosurgery
942 _cDIS
_2CC
999 _c884336
_d884336